Strzelcy bramek w 21 kolejce Premier League w sezonie 20/21. - Statystyki

Ogólne statystyki
  • Ten quiz został rozwiązany 22 razy
  • Średni wynik to 10 z 20
Statystyki odpowiedzi
Mecz Piłkarz % Poprawnych
West Ham - Liverpool 0:1 Salah
100%
West Ham - Liverpool 0:2 Salah
100%
Chelsea - Burnley 1:0 Azpilicueta
67%
Leicester - Leeds 1:2 Bamford
67%
Manchester City - Sheffield United 1:0 Jesus
62%
Brighton - Tottenham 1:0 Trossard
62%
Everton - Newcastle 0:1 Wilson
57%
Everton - Newcastle 0:2 Wilson
57%
Chelsea - Burnley 2:0 Alonso
52%
Leicester - Leeds 1:0 Barnes
52%
Crystal Palace - Wolves 1:0 Eze
48%
West Brom - Fulham 2:1 Pereira
48%
Leicester - Leeds 1:1 Dallas
43%
Leicester - Leeds 1:3 Harrison
38%
West Ham - Liverpool 0:3 Wijnaldum
33%
West Ham - Liverpool 1:3 Dawson
29%
Southampton - Aston Villa 0:1 Barkley
24%
West Brom - Fulham 0:1 Reid
24%
West Brom - Fulham 2:2 Cavaleiro
19%
West Brom - Fulham 1:1 Bartley
14%
Nie znaleziono quizów pasujących do podanych kryteriów
Rozkład punktacji
Procent ludzi z każdym wynikiem
Percentyl według liczby udzielonych odpowiedzi
Twoja historia wyników
Nie rozwiązałeś tego quizu